000 00814nam a2200253Ia 4500
003 OSt
005 20221002045408.0
006 a|||||r|||| 00| 0
007 ta
008 220930b |||||||| |||| 00| 0 eng d
020 _a9781441170965 (pbk)
_c2042.57
024 _a13045
037 _b11452, 19/03/2014, Elite Publishers Distributors
_cReference Collections
040 _aCRL
_cCRL
_beng
041 _2eng
_aeng
082 _aO111,3(A)g, Q3(RR)
100 _aHubble Nick Ed.
_9570462
245 0 _aScience fiction handbook
260 _aLondon
_bBloomsbury UK
_c2013
300 _axx,265p.
_ccm.
650 _aENGLISH LITERATURE
942 _hO111,3(A)g, Q3(RR)
_cref
_2CC
999 _c912275
_d912275